=LDR 00000nam 2200000 4500 =001 INLIS000000000028598 =005 20130612130906 =008 ***********************************Ind** =035 ##$$0010-061300000028598 =041 ##$$a Ind =082 ##$$a 155 =090 ##$$a 155, Pra a =100 ##$$a Prayitno, Irwan =245 ##$$a Anakku penyejuk hatiku, Panduan bagi orang tua dan guru, Irwan Prayitno; Datuak Rajo Bandaro Basa =260 ##$$a 2004 $b Bekasi =300 ##$$a vii, 585 hlm, 25 cm =650 ##$$a Psikologi Perkembangan =850 ##$$a NBPNMAT